[Event "TCh-FRA Top 12 2021"]
[Site "Chalons en Champagne FRA"]
[Date "2021.06.27"]
[Round "4.1"]
[Board "2"]
[White "Travadon, Loic"]
[Black "Vocaturo, Daniele"]
[Result "0-1"]
[WhiteTitle "IM"]
[BlackTitle "GM"]
[WhiteElo "2415"]
[BlackElo "2617"]
[WhiteTeam "Grasse Echecs"]
[BlackTeam "Clichy Echecs 92"]
[WhiteFideId "26092131"]
[BlackFideId "813192"]
[EventDate "2021.06.24"]

1. d4 Nf6 2. c4 e6 3. Nc3 Bb4 4. Nf3 Bxc3+ 5. bxc3 d6 6. g4 b6 7. g5 Nh5 8. e4
Bb7 9. Bd3 Nd7 10. Nh4 g6 11. f4 f5 12. Qe2 O-O 13. O-O fxe4 14. Bxe4 Bxe4 15.
Qxe4 Ng7 16. Bd2 Qc8 17. Qc6 Rb8 18. Ng2 Nf5 19. Rae1 Re8 20. Ne3 Nxe3 21. Rxe3
Nf8 22. Qg2 Qa6 23. Qe2 Qxa2 24. d5 Re7 25. f5 e5 26. Ref3 Rbe8 27. f6 Rf7 28.
h4 b5 29. cxb5 Qxd5 30. Rh3 c6 31. bxc6 Qxc6 32. Rf2 Rb8 33. h5 Rb1+ 34. Be1
gxh5 35. Rxh5 Qxc3 36. Kf1 Ng6 37. Qe4 Rd1 38. Qa8+ Nf8 39. Re2 d5 40. Rhh2 Qf3+
41. Ref2 Qd3+ 42. Re2 Rc7 43. Qd8 Rxe1+ 44. Kxe1 Rc1+ 45. Kf2 Qf5+ 46. Kg3 Qxg5+
47. Kf3 Qf4+ 48. Kg2 Qg4+ 49. Kf2 Qg1+ 0-1

[Event "TCh-FRA Top 12 2021"]
[Site "Chalons en Champagne FRA"]
[Date "2021.06.27"]
[Round "4.1"]
[Board "3"]
[White "Van Foreest, Jorden"]
[Black "Wirig, Anthony"]
[Result "1-0"]
[WhiteTitle "GM"]
[BlackTitle "GM"]
[WhiteElo "2701"]
[BlackElo "2500"]
[WhiteTeam "Clichy Echecs 92"]
[BlackTeam "Grasse Echecs"]
[WhiteFideId "1039784"]
[BlackFideId "615013"]
[EventDate "2021.06.24"]

1. e4 c5 2. Nf3 e6 3. c3 d5 4. e5 Ne7 5. d4 Nec6 6. Bd3 b6 7. h4 Ba6 8. h5 Bxd3
9. Qxd3 h6 10. Be3 Qc8 11. a3 a5 12. Nbd2 Qa6 13. Qxa6 Nxa6 14. Rh4 cxd4 15.
cxd4 Ne7 16. Ke2 Rc8 17. g4 Nc6 18. Ne1 Be7 19. Rh1 f6 20. exf6 Bxf6 21. Ndf3
Nc7 22. a4 Na6 23. Nd3 Nab4 24. Nf4 Kd7 25. Ng6 Rhe8 26. Rhc1 Kc7 27. Nfe5 Bxe5
28. Nxe5 Rf8 29. Rc3 Kb7 30. Ng6 Rf7 31. Rac1 Rfc7 32. Rd1 Na2 33. Ra3 Nab4 34.
Bf4 Rf7 35. Rc3 Na2 36. Re3 Re8 37. Bg3 Nab4 38. Rd2 Kc8 39. f3 Rb7 40. Kf2 Kd7
41. Rc3 Rc8 42. b3 Ra7 43. Rd1 Raa8 44. Rdc1 Na2 45. Ne5+ Nxe5 46. Rxc8 Rxc8 47.
Rxc8 Nd3+ 48. Ke3 Kxc8 49. Kxd3 Nb4+ 50. Ke3 Nc2+ 51. Kf2 Nxd4 52. Be5 1-0

[Event "TCh-FRA Top 12 2021"]
[Site "Chalons en Champagne FRA"]
[Date "2021.06.27"]
[Round "4.1"]
[Board "4"]
[White "Barbot, Pierre1"]
[Black "Tregubov, Pavel V."]
[Result "1-0"]
[WhiteTitle "IM"]
[BlackTitle "GM"]
[WhiteElo "2443"]
[BlackElo "2557"]
[WhiteTeam "Grasse Echecs"]
[BlackTeam "Clichy Echecs 92"]
[WhiteFideId "663727"]
[BlackFideId "4115341"]
[EventDate "2021.06.24"]

1. d4 Nf6 2. c4 e6 3. Nf3 Bb4+ 4. Nbd2 O-O 5. a3 Be7 6. e4 d6 7. Be2 Nbd7 8. b4
e5 9. Bb2 exd4 10. Nxd4 Re8 11. O-O Bf8 12. Qc2 a5 13. Rfe1 axb4 14. axb4 Rxa1
15. Rxa1 c6 16. Bf1 g6 17. Bc3 Bg7 18. Re1 d5 19. e5 Ng4 20. e6 fxe6 21. Nxe6
Rxe6 22. Rxe6 d4 23. Bb2 Nde5 24. Rxe5 Nxe5 25. c5 Bf5 26. Qb3+ Kh8 27. f4 Ng4
28. Qf7 Qg8 29. Qe7 h6 30. Bc4 Qb8 31. Nf3 Ne3 32. Bb3 Nd5 33. Bxd5 cxd5 34. Ne5
Qf8 35. Qxf8+ Bxf8 36. g4 Bc2 37. Bxd4 Kh7 38. Nd7 Be7 39. Bf6 Ba4 40. Nb6 Bxf6
41. Nxa4 Kg7 42. Nb6 Kf7 43. Nxd5 Bd4+ 44. Kg2 Ke6 45. Nc7+ Kd7 46. Nb5 Be3 47.
Kf3 Bd2 48. Ke4 Bxb4 49. Kd5 h5 50. gxh5 gxh5 51. Nd6 Bxc5 52. Kxc5 Ke6 53. h4
b6+ 54. Kc6 b5 55. Kxb5 Kxd6 56. Kc4 Ke6 57. Kd4 Kf5 58. Ke3 Kg4 59. Ke4 Kxh4
60. f5 1-0

[Event "TCh-FRA Top 12 2021"]
[Site "Chalons en Champagne FRA"]
[Date "2021.06.27"]
[Round "4.1"]
[Board "5"]
[White "Relange, Eloi"]
[Black "Loiseau, Quentin"]
[Result "1/2-1/2"]
[WhiteTitle "GM"]
[BlackTitle "IM"]
[WhiteElo "2453"]
[BlackElo "2459"]
[WhiteTeam "Clichy Echecs 92"]
[BlackTeam "Grasse Echecs"]
[WhiteFideId "600822"]
[BlackFideId "665274"]
[EventDate "2021.06.24"]

1. Nf3 d5 2. g3 g6 3. Bg2 Bg7 4. d4 Nf6 5. c4 c6 6. cxd5 cxd5 7. O-O Nc6 8. Ne5
Qb6 9. Nxc6 bxc6 10. Nc3 Nd7 11. e3 O-O 12. b3 e5 13. Na4 Qb4 14. Bd2 Qd6 15.
Rc1 Ba6 16. Re1 exd4 17. exd4 Bxd4 18. Bf4 Qf6 19. Rxc6 Qxc6 20. Qxd4 Rfe8 21.
Rd1 Qf6 22. Qxd5 Nb6 1/2-1/2

[Event "TCh-FRA Top 12 2021"]
[Site "Chalons en Champagne FRA"]
[Date "2021.06.27"]
[Round "4.1"]
[Board "6"]
[White "Apicella, Manuel"]
[Black "Delorme, Axel"]
[Result "1/2-1/2"]
[WhiteTitle "GM"]
[BlackTitle "GM"]
[WhiteElo "2506"]
[BlackElo "2480"]
[WhiteTeam "Grasse Echecs"]
[BlackTeam "Clichy Echecs 92"]
[WhiteFideId "600164"]
[BlackFideId "632023"]
[EventDate "2021.06.24"]

1. c4 e6 2. Nf3 Nf6 3. g3 d5 4. b3 Be7 5. Bb2 O-O 6. Bg2 a5 7. O-O a4 8. Na3 c6
9. Qc1 Qa5 10. Nc2 Qa6 11. d3 a3 12. Bc3 c5 13. Re1 Nc6 14. e4 d4 15. Bd2 e5 16.
Nh4 Bd8 17. b4 b5 18. cxb5 Qxb5 19. Nxa3 Qa4 20. Nc4 cxb4 21. f4 Nd7 22. Nf5 Nc5
23. Nxe5 Nxe5 24. Qxc5 Nxd3 25. Qxd4 Qa7 26. Qxa7 Rxa7 27. Be3 Nxe1 28. Bxa7
Nxg2 29. Kxg2 Bf6 30. Rb1 Bxf5 31. exf5 Bc3 32. Bc5 Ra8 33. a3 bxa3 34. Bxa3 h5
35. Rb3 Bd4 36. Kf3 Rc8 37. Rd3 Rc3 38. Rxc3 Bxc3 39. Ke4 Be1 40. Bc5 f6 41. Kf3
Kf7 42. Bf2 Bc3 43. Ke4 Bb4 44. Kf3 Bc3 45. Kg2 g6 46. fxg6+ Kxg6 47. Kf3 Kf5
48. h3 Bb4 49. Bd4 Be1 50. g4+ hxg4+ 51. hxg4+ Ke6 52. f5+ Kf7 53. Kg2 Bb4 54.
Kg3 Bd6+ 55. Kh4 Bf4 56. Kh5 Bd2 57. Bb2 1/2-1/2

[Event "TCh-FRA Top 12 2021"]
[Site "Chalons en Champagne FRA"]
[Date "2021.06.27"]
[Round "4.1"]
[Board "7"]
[White "Libiszewski, Fabien"]
[Black "Debray, Christopher"]
[Result "1-0"]
[WhiteTitle "GM"]
[BlackTitle "IM"]
[WhiteElo "2510"]
[BlackElo "2367"]
[WhiteTeam "Clichy Echecs 92"]
[BlackTeam "Grasse Echecs"]
[WhiteFideId "616834"]
[BlackFideId "630810"]
[EventDate "2021.06.24"]

1. e4 e5 2. Bc4 Nf6 3. d3 c6 4. Nf3 d5 5. Bb3 Bd6 6. exd5 Nxd5 7. O-O O-O 8. Re1
Bg4 9. h3 Bh5 10. g4 Bg6 11. Nxe5 Nd7 12. Nxd7 Qxd7 13. Nc3 Nxc3 14. bxc3 Kh8
15. Bd2 f5 16. Be6 Qc7 17. g5 Bf4 18. Qc1 Bg3 19. Kg2 Bd6 20. Qd1 Bf4 21. Bxf4
Qxf4 22. Qc1 Qh4 23. f4 h6 24. gxh6 gxh6 25. Qe3 Kh7 26. Qf2 Qf6 27. Qd4 Qh4 28.
Qf2 Qf6 29. Re5 Rae8 30. Rae1 b6 31. d4 Rd8 32. c4 Kh8 33. Kh2 Rfe8 34. c3 Re7
35. R1e3 Bh7 36. d5 c5 37. Rg3 1-0

[Event "TCh-FRA Top 12 2021"]
[Site "Chalons en Champagne FRA"]
[Date "2021.06.27"]
[Round "4.1"]
[Board "8"]
[White "Janzelj, Lara"]
[Black "Benmesbah, Natacha"]
[Result "0-1"]
[WhiteTitle "WIM"]
[BlackTitle "WIM"]
[WhiteElo "2185"]
[BlackElo "2223"]
[WhiteTeam "Grasse Echecs"]
[BlackTeam "Clichy Echecs 92"]
[WhiteFideId "14608391"]
[BlackFideId "642002"]
[EventDate "2021.06.24"]

1. d4 Nf6 2. c4 d6 3. Nf3 g6 4. Nc3 Bf5 5. g3 Ne4 6. Nd5 c6 7. Ne3 Bd7 8. Bg2
Bg7 9. O-O O-O 10. Qd3 f5 11. d5 Na6 12. Nc2 Nac5 13. Qa3 e5 14. b4 Na6 15. dxc6
Bc8 16. cxb7 Bxb7 17. Ng5 Qc8 18. Nxe4 fxe4 19. Ne3 Nc7 20. Qb3 Kh8 21. c5 Nb5
22. Bb2 Nd4 23. Bxd4 exd4 24. Nd5 Qf5 25. Nc7 Rac8 26. cxd6 d3 27. Rae1 Bd4 28.
e3 Be5 29. Ne6 Rc3 30. Qa4 Qxe6 31. Qxa7 Bc6 32. a4 Ra8 33. Qb6 Qxd6 34. a5 Rb8
35. Qa7 Qxb4 36. Qf7 Rf8 37. Qe6 Qd6 38. Qg4 d2 39. Rd1 Bb5 40. Qxe4 Bxf1 41.
Bxf1 Bg7 0-1

[Event "TCh-FRA Top 12 2021"]
[Site "Chalons en Champagne FRA"]
[Date "2021.06.27"]
[Round "4.2"]
[Board "1"]
[White "Sochacki, Christophe"]
[Black "Solodovnichenko, Yuri"]
[Result "1-0"]
[WhiteTitle "IM"]
[BlackTitle "GM"]
[WhiteElo "2494"]
[BlackElo "2546"]
[WhiteTeam "US Villejuif Echecs"]
[BlackTeam "Vandoeuvre Echecs"]
[WhiteFideId "662569"]
[BlackFideId "14104369"]
[EventDate "2021.06.24"]

1. e4 c5 2. Nf3 d6 3. d4 Nf6 4. dxc5 Nxe4 5. cxd6 Nc6 6. Be3 e5 7. Bd3 Nxd6 8.
Nc3 Bf5 9. Qe2 Bxd3 10. Qxd3 Qa5 11. O-O O-O-O 12. a4 f5 13. Qe2 Nf7 14. Nb5 Kb8
15. Rfe1 Qb4 16. c3 Qb3 17. Nd2 Qc2 18. g3 a6 19. Qc4 Rd7 20. Qe6 Re7 21. Qd5 f4
22. Bc5 Re8 23. Ne4 Bxc5 24. Nxc5 Qg6 25. Nd7+ Kc8 26. Red1 Rd8 27. Qxf7 axb5
28. Nb6+ Kb8 29. Qxg6 hxg6 30. axb5 Ne7 31. Nd7+ Kc7 32. b6+ Kc6 33. b4 fxg3 34.
hxg3 Nd5 35. Nxe5+ Kxb6 36. Nf7 1-0

[Event "TCh-FRA Top 12 2021"]
[Site "Chalons en Champagne FRA"]
[Date "2021.06.27"]
[Round "4.2"]
[Board "2"]
[White "Hamitevici, Vladimir"]
[Black "Dutreuil, Raphael"]
[Result "1-0"]
[WhiteTitle "GM"]
[BlackTitle "FM"]
[WhiteElo "2456"]
[BlackElo "2309"]
[WhiteTeam "Vandoeuvre Echecs"]
[BlackTeam "US Villejuif Echecs"]
[WhiteFideId "13902393"]
[BlackFideId "20630999"]
[EventDate "2021.06.24"]

1. e4 c6 2. d4 d5 3. f3 dxe4 4. fxe4 e5 5. Nf3 Bg4 6. c3 Nd7 7. Bd3 Ngf6 8. O-O
Bd6 9. Na3 b5 10. Nc2 O-O 11. Ne3 Qb6 12. Nxg4 Nxg4 13. Nh4 Ngf6 14. Nf5 c5 15.
Qd2 cxd4 16. Qg5 g6 17. Nh6+ Kg7 18. Rxf6 Nxf6 19. Nf5+ 1-0

[Event "TCh-FRA Top 12 2021"]
[Site "Chalons en Champagne FRA"]
[Date "2021.06.27"]
[Round "4.2"]
[Board "3"]
[White "Eden, James"]
[Black "Brunner, Nicolas"]
[Result "1/2-1/2"]
[WhiteTitle "IM"]
[BlackTitle "IM"]
[WhiteElo "2294"]
[BlackElo "2418"]
[WhiteTeam "US Villejuif Echecs"]
[BlackTeam "Vandoeuvre Echecs"]
[WhiteFideId "666491"]
[BlackFideId "620246"]
[EventDate "2021.06.24"]

1. e4 c5 2. Nf3 d6 3. Bb5+ Nd7 4. a4 a6 5. Be2 b6 6. d4 cxd4 7. Qxd4 Bb7 8. Nc3
e5 9. Qe3 Ngf6 10. O-O Qc7 11. Rd1 Be7 12. Nd2 O-O 13. Nc4 Rad8 14. b4 Bxe4 15.
Nxe4 Nxe4 16. Qxe4 d5 17. Qxd5 Nf6 18. Qxe5 Rxd1+ 19. Bxd1 Qxc4 20. c3 Bxb4 21.
Qe2 Qxe2 22. Bxe2 Bxc3 1/2-1/2

[Event "TCh-FRA Top 12 2021"]
[Site "Chalons en Champagne FRA"]
[Date "2021.06.27"]
[Round "4.2"]
[Board "4"]
[White "Philippe, Christophe"]
[Black "Cantin, Loic"]
[Result "0-1"]
[WhiteTitle "IM"]
[WhiteElo "2386"]
[BlackElo "2182"]
[WhiteTeam "Vandoeuvre Echecs"]
[BlackTeam "US Villejuif Echecs"]
[WhiteFideId "610038"]
[BlackFideId "679070"]
[EventDate "2021.06.24"]

1. d4 Nf6 2. Nf3 e6 3. Bg5 h6 4. Bxf6 Qxf6 5. e4 d6 6. Bd3 g5 7. O-O Nd7 8. Nc3
a6 9. e5 Qg7 10. exd6 cxd6 11. Re1 Be7 12. Qe2 g4 13. Nd2 Qxd4 14. Nb3 Qg7 15.
Nd5 Bd8 16. Nd2 Ne5 17. Nf4 h5 18. Nc4 Nf3+ 19. Kh1 Nxe1 20. Nxd6+ Kf8 21. Rxe1
Qd4 22. Nxf7 Kxf7 23. Nxe6 Qf6 24. Nc5 b5 25. Qe4 Ra7 26. Qd5+ Kg7 27. Ne4 Re7
28. Re3 Qe5 29. Qb3 Bc7 30. Ng3 Qf6 31. Ne4 Qd4 32. Ng5 Rhe8 33. h3 g3 0-1

[Event "TCh-FRA Top 12 2021"]
[Site "Chalons en Champagne FRA"]
[Date "2021.06.27"]
[Round "4.2"]
[Board "5"]
[White "Caille, Hugo"]
[Black "Mathieu, Phileas"]
[Result "0-1"]
[BlackTitle "FM"]
[WhiteElo "2182"]
[BlackElo "2240"]
[WhiteTeam "US Villejuif Echecs"]
[BlackTeam "Vandoeuvre Echecs"]
[WhiteFideId "20681348"]
[BlackFideId "36048410"]
[EventDate "2021.06.24"]

1. d4 Nf6 2. Nf3 g6 3. g3 Bg7 4. Bg2 O-O 5. O-O d6 6. b3 c6 7. Bb2 Qa5 8. c4 Qh5
9. Nc3 Bh3 10. Nh4 Bxg2 11. Kxg2 Nbd7 12. e4 Qa5 13. f4 e5 14. fxe5 dxe5 15. d5
cxd5 16. exd5 e4 17. Qe2 Nc5 18. Nb5 Nh5 19. b4 Qxb4 20. Ba3 Qa4 21. Bxc5 Rfc8
22. Bd4 Rxc4 23. Nc3 Rxc3 24. Bxc3 Bxc3 25. Rac1 Bg7 26. Rc4 Qa5 27. Rxe4 Qxd5
28. Rd1 Qc6 29. Nf3 Nf6 30. Rc4 Qa6 31. Qc2 Bf8 32. Rd2 h6 33. Ne5 Qe6 34. Re2
Re8 35. Kf1 Qd5 36. Ng4 Qh1+ 37. Kf2 Nxg4+ 38. Rxg4 Qxh2+ 39. Kf3 Qh1+ 40. Rg2
Qf1+ 41. Rf2 Qh1+ 42. Rg2 Qh5 43. Qc4 b5 44. Qb3 Re6 0-1

[Event "TCh-FRA Top 12 2021"]
[Site "Chalons en Champagne FRA"]
[Date "2021.06.27"]
[Round "4.2"]
[Board "6"]
[White "Adrian, Claude"]
[Black "Da Silva, Quentin"]
[Result "1/2-1/2"]
[WhiteTitle "IM"]
[WhiteElo "2240"]
[BlackElo "2164"]
[WhiteTeam "Vandoeuvre Echecs"]
[BlackTeam "US Villejuif Echecs"]
[WhiteFideId "601071"]
[BlackFideId "26009528"]
[EventDate "2021.06.24"]

1. Nf3 Nf6 2. c4 g6 3. g3 Bg7 4. Bg2 O-O 5. d4 d6 6. O-O Nbd7 7. Nc3 e5 8. e4 b6
9. Qc2 Bb7 10. Rd1 exd4 11. Nxd4 Rb8 12. b4 Re8 13. Rb1 Qe7 14. f3 a6 15. Nd5
Nxd5 16. cxd5 Ne5 17. Rb3 Qd7 18. f4 Ng4 19. h3 Nf6 20. Rc3 Re7 21. Nc6 Bxc6 22.
Rxc6 Rbe8 23. e5 dxe5 24. d6 cxd6 25. Rdxd6 Qa7 26. Rxf6 Bxf6 27. Rxf6 exf4 28.
Bxf4 Re1+ 29. Kh2 R1e2 30. Qc6 b5 31. Bd6 Qd4 32. Bc5 Rxg2+ 33. Kxg2 Re2+ 34.
Kh1 Re1+ 35. Kg2 Re2+ 36. Kh1 Re1+ 1/2-1/2

[Event "TCh-FRA Top 12 2021"]
[Site "Chalons en Champagne FRA"]
[Date "2021.06.27"]
[Round "4.2"]
[Board "7"]
[White "Caille, Vincent"]
[Black "Savina, Anastasia"]
[Result "1-0"]
[BlackTitle "IM"]
[WhiteElo "2180"]
[BlackElo "2333"]
[WhiteTeam "US Villejuif Echecs"]
[BlackTeam "Vandoeuvre Echecs"]
[WhiteFideId "20681356"]
[BlackFideId "4196872"]
[EventDate "2021.06.24"]

1. Nf3 Nc6 2. d4 d5 3. c4 Bg4 4. e3 e5 5. dxe5 dxc4 6. Qa4 Bxf3 7. gxf3 Qd5 8.
Nc3 Qxe5 9. f4 Qa5 10. Qxc4 Bb4 11. Rg1 Nf6 12. Rg5 Qa4 13. Bd2 Qc2 14. Bd3 Qxb2
15. Rb1 Qa3 16. Rb3 Qa6 17. Qxa6 bxa6 18. Bxa6 Rb8 19. Bb5 Rxb5 20. Rxb5 a5 21.
a3 Be7 22. Nd5 Nxd5 23. Rxd5 a4 24. Rc3 Nd8 25. Rxc7 Bxa3 26. Rc8 Be7 27. Ba5
O-O 28. Rdxd8 1-0

[Event "TCh-FRA Top 12 2021"]
[Site "Chalons en Champagne FRA"]
[Date "2021.06.27"]
[Round "4.2"]
[Board "8"]
[White "Steil-Antoni, Fiona"]
[Black "Afraoui, Solenn"]
[Result "1-0"]
[WhiteTitle "WIM"]
[WhiteElo "2129"]
[BlackElo "1889"]
[WhiteTeam "Vandoeuvre Echecs"]
[BlackTeam "US Villejuif Echecs"]
[WhiteFideId "4001249"]
[BlackFideId "625167"]
[EventDate "2021.06.24"]

1. e4 c5 2. Nf3 d6 3. c3 Nf6 4. h3 e6 5. Bd3 Be7 6. Bc2 a6 7. O-O b5 8. d4 Bb7
9. Re1 Qc7 10. Bf4 Nbd7 11. Nbd2 Rc8 12. Rc1 h6 13. e5 Nd5 14. exd6 Bxd6 15.
Bxd6 Qxd6 16. Ne4 Qb6 17. Ne5 cxd4 18. Nxd7 Kxd7 19. cxd4 Kc7 20. Qf3 Kb8 21.
Nc5 Qc7 22. Be4 Ka8 23. a4 f5 24. Bb1 Qf4 25. Qb3 Qxd4 26. Nxe6 Qxa4 27. Qg3 g5
28. Bxf5 Rhe8 29. Qd6 b4 30. Nc5 Rxe1+ 31. Rxe1 Qc6 32. Nxb7 Qxd6 33. Nxd6 Rc6
34. Nf7 Rf6 35. Be4 1-0

[Event "TCh-FRA Top 12 2021"]
[Site "Chalons en Champagne FRA"]
[Date "2021.06.27"]
[Round "4.3"]
[Board "1"]
[White "Alonso Rosell, Alvar"]
[Black "Lagarde, Maxime"]
[Result "1/2-1/2"]
[WhiteTitle "GM"]
[BlackTitle "GM"]
[WhiteElo "2572"]
[BlackElo "2648"]
[WhiteTeam "Club 608 Paris"]
[BlackTeam "C'Chartres Echecs"]
[WhiteFideId "2270544"]
[BlackFideId "662399"]
[EventDate "2021.06.24"]

1. d4 f5 2. Nc3 Nf6 3. Bg5 d5 4. e3 e6 5. Nf3 Nbd7 6. Bd3 c5 7. O-O c4 8. Be2
Bb4 9. Nb1 Qa5 10. c3 Bd6 11. b3 b5 12. a4 Ne4 13. Bf4 Bxf4 14. exf4 O-O 15. Ne5
Nxe5 16. b4 Qc7 17. fxe5 a5 18. axb5 Bd7 19. f3 Ng5 20. bxa5 Rxa5 21. Na3 Nf7
22. Nc2 Rfa8 23. Rxa5 Rxa5 24. Qd2 Bxb5 25. Ra1 Rxa1+ 26. Nxa1 Qa7 27. Nc2 Qa2
28. Qc1 Ba4 29. Bd1 Bb3 30. Nb4 Qa7 31. Be2 h6 32. f4 Nd8 33. h4 Qa4 34. h5 Nc6 1/2-1/2

[Event "TCh-FRA Top 12 2021"]
[Site "Chalons en Champagne FRA"]
[Date "2021.06.27"]
[Round "4.3"]
[Board "2"]
[White "Bauer, Christian"]
[Black "Song, Julien"]
[Result "1-0"]
[WhiteTitle "GM"]
[BlackTitle "IM"]
[WhiteElo "2639"]
[BlackElo "2328"]
[WhiteTeam "C'Chartres Echecs"]
[BlackTeam "Club 608 Paris"]
[WhiteFideId "603767"]
[BlackFideId "659487"]
[EventDate "2021.06.24"]

1. Nf3 Nf6 2. c4 c5 3. g3 d5 4. cxd5 Nxd5 5. Bg2 Nc6 6. Nc3 Nc7 7. a3 g6 8. h4
Bg4 9. Qa4 Bd7 10. h5 Nd4 11. Qd1 Bg7 12. e3 Nxf3+ 13. Bxf3 Bc6 14. Bxc6+ bxc6
15. Qa4 O-O 16. Qxc6 Ne6 17. hxg6 hxg6 18. Ke2 Rc8 19. Qd5 Qb6 20. d3 Rfd8 21.
Qe4 c4 22. d4 f5 23. Qg2 Qb3 24. Rd1 Nc5 25. g4 Na4 26. Nxa4 Qxa4 27. gxf5 Qb5
28. a4 Qa6 29. Qxg6 Rd6 30. Qg4 c3+ 31. Kf3 cxb2 32. Bxb2 Qb7+ 33. Qe4 Qxb2 34.
Rg1 Rc7 35. Qa8+ Kf7 36. Rxg7+ 1-0

[Event "TCh-FRA Top 12 2021"]
[Site "Chalons en Champagne FRA"]
[Date "2021.06.27"]
[Round "4.3"]
[Board "3"]
[White "Iglesias, Joachim"]
[Black "Medvegy, Zoltan"]
[Result "0-1"]
[WhiteTitle "FM"]
[BlackTitle "GM"]
[WhiteElo "2259"]
[BlackElo "2527"]
[WhiteTeam "Club 608 Paris"]
[BlackTeam "C'Chartres Echecs"]
[WhiteFideId "637823"]
[BlackFideId "708402"]
[EventDate "2021.06.24"]

1. d4 Nf6 2. Nf3 g6 3. Nbd2 d5 4. e3 Bg7 5. b4 a5 6. b5 c5 7. bxc6 bxc6 8. Be2
O-O 9. O-O c5 10. c4 Nc6 11. Nb3 Ne4 12. Ba3 Nc3 13. Qd2 Nxe2+ 14. Qxe2 Ba6 15.
Rfc1 cxd4 16. Nbxd4 Rc8 17. Rab1 Bxc4 18. Qd2 Re8 19. Bc5 a4 20. Rb7 Nxd4 21.
exd4 Rb8 22. Rcb1 Rxb7 23. Rxb7 Qc8 24. Rxe7 Rxe7 25. Bxe7 Bxa2 26. h4 Bb1 27.
Qb4 Bc2 28. Qd6 Qa8 29. Ne5 Bf5 30. f3 h6 31. g4 Be6 32. Kg2 Qc8 33. Kg3 Kh7 34.
g5 Qc1 35. Ng4 Qg1+ 0-1

[Event "TCh-FRA Top 12 2021"]
[Site "Chalons en Champagne FRA"]
[Date "2021.06.27"]
[Round "4.3"]
[Board "4"]
[White "Maurizzi, Marc Andria"]
[Black "Solakian-Van Eyll, Jerome"]
[Result "1-0"]
[WhiteTitle "IM"]
[BlackTitle "CM"]
[WhiteElo "2503"]
[BlackElo "2285"]
[WhiteTeam "C'Chartres Echecs"]
[BlackTeam "Club 608 Paris"]
[WhiteFideId "36083534"]
[BlackFideId "608050"]
[EventDate "2021.06.24"]

1. e4 e6 2. d4 d5 3. Nd2 c5 4. exd5 exd5 5. dxc5 Bxc5 6. Nb3 Bb6 7. Nf3 Nf6 8.
Be2 O-O 9. O-O Nc6 10. c3 Re8 11. Re1 Ne4 12. Nbd4 Bg4 13. Be3 Qf6 14. Qa4 Bxf3
15. Bxf3 Nxd4 16. cxd4 Qf5 17. Qb5 Rad8 18. Rac1 g6 19. h4 h5 20. a4 Qd7 21.
Qxd7 Rxd7 22. g3 a6 23. Kg2 Kg7 24. Red1 Ree7 25. Rd3 Rc7 26. Rxc7 Rxc7 27. Rb3
Ba5 28. Bf4 Rd7 29. g4 hxg4 30. Bxg4 f5 31. Bd1 Bd8 32. f3 Nd6 33. Be5+ Kh6 34.
f4 Bxh4 35. Rh3 g5 36. fxg5+ Kxg5 37. Rxh4 Nc4 38. Rh5+ Kg6 39. Bf4 Nxb2 40.
Rh6+ Kg7 41. Bc2 Rc7 42. Bxf5 1-0

[Event "TCh-FRA Top 12 2021"]
[Site "Chalons en Champagne FRA"]
[Date "2021.06.27"]
[Round "4.3"]
[Board "5"]
[White "Baillon, Olivier"]
[Black "Daulyte-Cornette, Deimante"]
[Result "0-1"]
[BlackTitle "IM"]
[WhiteElo "2213"]
[BlackElo "2394"]
[WhiteTeam "Club 608 Paris"]
[BlackTeam "C'Chartres Echecs"]
[WhiteFideId "616141"]
[BlackFideId "12802859"]
[EventDate "2021.06.24"]

1. Nf3 c5 2. c4 Nc6 3. Nc3 Nf6 4. g3 e6 5. Bg2 d5 6. cxd5 exd5 7. d4 cxd4 8.
Nxd4 Bc5 9. Nb3 Bb6 10. Nxd5 Be6 11. e4 Bg4 12. f3 Be6 13. Qe2 Nxd5 14. exd5
Qxd5 15. f4 Qc4 16. Be4 O-O-O 17. Nd2 Qxe2+ 18. Kxe2 Rhe8 19. Kf1 Nd4 0-1

[Event "TCh-FRA Top 12 2021"]
[Site "Chalons en Champagne FRA"]
[Date "2021.06.27"]
[Round "4.3"]
[Board "6"]
[White "Stephan, Victor"]
[Black "Lemonnier, Remi"]
[Result "1-0"]
[WhiteTitle "IM"]
[WhiteElo "2416"]
[BlackElo "2125"]
[WhiteTeam "C'Chartres Echecs"]
[BlackTeam "Club 608 Paris"]
[WhiteFideId "656666"]
[BlackFideId "648280"]
[EventDate "2021.06.24"]

1. d4 f5 2. g3 Nf6 3. Bg2 g6 4. Nd2 Bg7 5. e4 Nxe4 6. Nxe4 fxe4 7. Bxe4 O-O 8.
f4 d6 9. Nf3 e5 10. dxe5 Qe7 11. O-O dxe5 12. fxe5 Nc6 13. Bg5 Qc5+ 14. Kg2 Be6
15. c3 Nxe5 16. Qd4 Qb5 17. Qb4 Qxb4 18. cxb4 Nc4 19. Rae1 Bf7 20. b3 Nd6 21.
Be7 Nxe4 22. Bxf8 Rxf8 23. Rxe4 Bd5 24. Re7 g5 25. g4 h5 26. h3 hxg4 27. hxg4
Rf4 28. Rxc7 Rxg4+ 29. Kf2 Rf4 30. Ke3 Bd4+ 31. Ke2 Bb6 32. Rc8+ Kg7 33. Nxg5
Rg4 34. Rf5 Rg2+ 35. Kd3 Rg3+ 36. Kc2 Rg2+ 37. Kc3 Rg3+ 38. Kb2 Bd4+ 39. Ka3 Bc6
40. Ne6+ 1-0

[Event "TCh-FRA Top 12 2021"]
[Site "Chalons en Champagne FRA"]
[Date "2021.06.27"]
[Round "4.3"]
[Board "7"]
[White "Auvray, Juliette"]
[Black "Devallee, Jeremie"]
[Result "0-1"]
[BlackTitle "FM"]
[WhiteElo "2010"]
[BlackElo "2220"]
[WhiteTeam "Club 608 Paris"]
[BlackTeam "C'Chartres Echecs"]
[WhiteFideId "695904"]
[BlackFideId "665240"]
[EventDate "2021.06.24"]

1. e4 c5 2. Nf3 d6 3. d4 cxd4 4. Nxd4 Nf6 5. Nc3 a6 6. f3 e6 7. Bg5 h6 8. Be3 b5
9. Qd2 Nbd7 10. Bd3 Bb7 11. Qf2 Rc8 12. g4 Be7 13. O-O-O b4 14. Nce2 d5 15. Ng3
Ne5 16. Kb1 dxe4 17. Bxe4 Nxe4 18. Nxe4 Bxe4 19. fxe4 Nxg4 20. Qg3 Nxe3 21. Qxe3
Qb6 22. Qg3 g6 23. Qf4 Qc7 24. e5 O-O 25. Qe4 Kh7 26. Rhg1 Rg8 27. Rg3 Bc5 28.
Nf3 Qc6 29. Qf4 Rgf8 30. Rc1 Be7 31. Rh3 h5 32. Ng5+ Kg7 33. Ne4 f5 34. exf6+
Bxf6 35. Nxf6 Rxf6 36. Qxb4 Qxc2+ 0-1